Reparación y puesta a punto de motores diesel

I tiakina i:
Ngā taipitopito rārangi puna kōrero
Kaituhi matua: Erpelding, N. L (Author)
Hōputu: Pukapuka
Reo:Pāniora
I whakaputaina: Barcelona Marcombo 1977
Rangatū:Serie Técnica del Automóvil
Ngā marau:
Ngā Tūtohu: Tāpirihia he Tūtohu
Kāore He Tūtohu, Me noho koe te mea tuatahi ki te tūtohu i tēnei pūkete!

MARC

LEADER 00000nam a2200000 a 4500
001 UCO4684
003 CL-VaPUC
008 000811e19770000SP |||||||||||||||||spa|d
082 0 4 |a 621.436  |b ERP  |2 21 
100 0 |a Erpelding, N. L  |e author  |9 449323 
245 1 0 |a Reparación y puesta a punto de motores diesel 
300 |a 230 p 
942 |c BK 
945 |d 20000811 00:00:00  |a vberengu 
260 |a Barcelona  |b Marcombo  |c 1977 
650 7 |a BOMBAS  |2 CL-VaPUC  |9 259418 
650 7 |a INYECTORES  |2 CL-VaPUC  |9 427356 
650 7 |a MANTENIMIENTO Y REPARACION  |2 CL-VaPUC  |9 260850 
650 0 |a Motores   |9 334293 
650 0 |a Motores Diésel  |9 271572 
583 |a last modification  |c 20000811 00:00:00  |k Rodrigo Vera 
490 0 |a Serie Técnica del Automóvil 
999 |c 290693  |d 290691 
952 |0 0  |1 0  |4 0  |6 621_436000000000000_ERP_1977  |7 0  |8 A  |9 340241  |a BIBMEC  |b BIBMEC  |d 2019-11-20  |i 3641805  |o 621.436 ERP 1977  |p 3641805  |r 2019-11-20  |w 2019-11-20  |y BK  |k MEC